000
00205nam a2200109Ia 4500
100
_a
BLANCHARD/KEN.
942
_c
BK
245
_a
ONE MINUTE MANAGER.
260
_b
#N/A
546
_a
ENGLISH
999
_c
33811
_d
33811